دور العلاقات العامّة في المؤسّسات النسائية في تعزيز تمكين المرأة الإماراتية ودعم مشاركتها المجتمعية / (رقم التسجيلة. 177135)
[ عرض عادي ]
| 000 -LEADER | |
|---|---|
| fixed length control field | 03911namaa22004211i 4500 |
| 003 - CONTROL NUMBER IDENTIFIER | |
| control field | OSt |
| 005 - أخر تعامل مع التسجيلة | |
| control field | 20260113111945.0 |
| 008 - FIXED-LENGTH DATA ELEMENTS--GENERAL INFORMATION | |
| fixed length control field | 250827s2024 ua a|||frm||| 000 0 eng d |
| 040 ## - CATALOGING SOURCE | |
| Original cataloguing agency | EG-GICUC |
| Language of cataloging | ara |
| Transcribing agency | EG-GICUC |
| Modifying agency | EG-GICUC |
| Description conventions | rda |
| 041 0# - LANGUAGE CODE | |
| Language code of text/sound track or separate title | ara |
| Language code of summary or abstract | ara |
| -- | eng |
| 049 ## - Acquisition Source | |
| Acquisition Source | إيداع |
| 082 04 - DEWEY DECIMAL CLASSIFICATION NUMBER | |
| Classification number | 659.2 |
| 092 ## - LOCALLY ASSIGNED DEWEY CALL NUMBER (OCLC) | |
| Classification number | 659.2 |
| Edition number | 21 |
| 097 ## - Degree | |
| Degree | دكتـــــوراه |
| 099 ## - LOCAL FREE-TEXT CALL NUMBER (OCLC) | |
| Local Call Number | Cai01.15.03.Ph.D.2024.إس.د |
| 100 0# - MAIN ENTRY--PERSONAL NAME | |
| Authority record control number or standard number | ،إسلام محمد فتحي أحمد الشيوي |
| Preparation | إعداد. |
| 245 10 - TITLE STATEMENT | |
| Title | دور العلاقات العامّة في المؤسّسات النسائية في تعزيز تمكين المرأة الإماراتية ودعم مشاركتها المجتمعية / |
| Statement of responsibility, etc. | إعداد إسلام محمد فتحي أحمد الشيوي؛ إشراف أ.د/ محمود يوسف، أ.د/ أحمد خطاب. |
| 246 15 - VARYING FORM OF TITLE | |
| Title proper/short title | The role of public relations in women's institutions in enhancing the community participation of united united arab emirates women / |
| 264 #0 - PRODUCTION, PUBLICATION, DISTRIBUTION, MANUFACTURE, AND COPYRIGHT NOTICE | |
| Date of production, publication, distribution, manufacture, or copyright notice | 2024. |
| 300 ## - PHYSICAL DESCRIPTION | |
| Extent | 294 ورقة : |
| Other physical details | إيضاحيات ؛ |
| Dimensions | 30 cm. + |
| Accompanying material | CD. |
| 336 ## - CONTENT TYPE | |
| Content type term | text |
| Source | rda content |
| 337 ## - MEDIA TYPE | |
| Media type term | Unmediated |
| Source | rdamedia |
| 338 ## - CARRIER TYPE | |
| Carrier type term | volume |
| Source | rdacarrier |
| 502 ## - DISSERTATION NOTE | |
| Dissertation note | أطروحة (دكتوراه)-جامعة القاهرة، 2024. |
| 504 ## - BIBLIOGRAPHY, ETC. NOTE | |
| Bibliography, etc. note | ببليوجرافيا: صفحات 231-246. |
| 520 ## - SUMMARY, ETC. | |
| Summary, etc. | الهدف من الدراسة تتقييم دور العلاقات العامة في المؤسسات النسائية في تعزيز المشاركة المجتمعية للمرأة الإماراتية. وقد اشتملت الدراسة على: مقابلات متعمقة، ودراسة ميدانية باستمارة الاستبيان على عينة عشوائية قوامها ٤٠٠ مفردة من الجنسين واستمارة الاستبيان لعينة عشوائية قوامها 100 مفردة من القائمين بالاتصال التفاعلي ودراسة تحليلية للمواقع الإلكترونية والصفحات الرسمية عبر مواقع التواصل الإجتماعي والتي تتبع الجمعيات والهيئات النسائية العاملة داخل الامارات العربية المتحدة.وأشارت النتائج إلى وجود تأثير ذو دلالة إحصائية لمدى كفاءة وتنويع أساليب وتركيز الجهود الاتصالية التفاعلية للعلاقات العامة في المؤسسات النسائية في تعزيز المشاركة المجتمعية للمرأة الإماراتية. |
| 520 ## - SUMMARY, ETC. | |
| Summary, etc. | The objective of the study is to evaluate the role of public relations in women's institutions in enhancing the community participation of Emirati women The study included: in-depth interviews, study with a questionnaire form on a random sample of 400 individuals, and a questionnaire form on a random sample of 100 individuals who engage in interactive communication with sectors, and an analytical study of the official websites and pages on social networking sites. Results indicated the efficiency of communication in enhancing the community participation of Emirati women. |
| 530 ## - ADDITIONAL PHYSICAL FORM AVAILABLE NOTE | |
| Issues CD | صدر أيضًا كقرص مدمج. |
| 546 ## - LANGUAGE NOTE | |
| Text Language | النص بالعربية والملخص باللغة الإنجليزية والعربية. |
| 650 #7 - SUBJECT ADDED ENTRY--TOPICAL TERM | |
| Topical term or geographic name entry element | العلاقات العامّة |
| Source of heading or term | qrmak |
| 653 #0 - INDEX TERM--UNCONTROLLED | |
| Uncontrolled term | العلاقات العامّة |
| -- | المؤسّسات النسائية |
| -- | المشاركة المجتمعية |
| 700 0# - ADDED ENTRY--PERSONAL NAME | |
| Personal name | محمود يوسف |
| Relator term | مشرف أطروحة. |
| 700 0# - ADDED ENTRY--PERSONAL NAME | |
| Personal name | أحمد خطاب |
| Relator term | مشرف أطروحة. |
| 900 ## - Thesis Information | |
| Grant date | 03-11-2024 |
| Supervisory body | محمود يوسف |
| -- | أحمد خطاب |
| Discussion body | أماني ألبرت |
| -- | نرمين علي عجوة |
| Universities | جامعة القاهرة |
| Faculties | كلية الإعلام |
| Department | قسم العلاقات العامّة |
| 905 ## - Cataloger and Reviser Names | |
| Cataloger Name | Sara Salah |
| Reviser Names | Afaf |
| 942 ## - ADDED ENTRY ELEMENTS (KOHA) | |
| Source of classification or shelving scheme | Dewey Decimal Classification |
| Koha item type | Thesis |
| Edition | 21 |
| Suppress in OPAC | No |
| Source of classification or shelving scheme | Home library | Current library | Date acquired | Inventory number | Full call number | Barcode | Date last seen | Effective from | Koha item type |
|---|---|---|---|---|---|---|---|---|---|
| Dewey Decimal Classification | المكتبة المركزبة الجديدة - جامعة القاهرة | قاعة الرسائل الجامعية - الدور الاول | 29.12.2025 | 32807 | Cai01.15.03.Ph.D.2024.إس.د | 01010100032807000 | 29.12.2025 | 29.12.2025 | Thesis |